[Event "Biel Interzonal"]
[Site "Biel"]
[Date "1993.??.??"]
[Round "7"]
[White "Adams, Michael"]
[Black "Kortschnoj, Viktor Lvovich"]
[Result "1-0"]
[WhiteElo "2630"]
[BlackElo "2625"]
[Annotator "Wolff,P"]
[PlyCount "127"]
[EventDate "1993.07.??"]
[EventType "swiss"]
[EventRounds "13"]
[EventCountry "SUI"]
[SourceTitle "CBM 037"]
[Source "ChessBase"]
[SourceDate "1993.12.01"]
[SourceVersion "1"]
[SourceVersionDate "1993.12.01"]
[SourceQuality "1"]

1. e4 {Adams,M Ambroz Kortschnoj Wahls} e6 2. d4 d5 3. Nd2 c5 4. Ngf3 c4 (4...
cxd4 5. Nxd4 (5. exd5 Qxd5 6. Bc4 Qd6 7. O-O Nf6 8. Nb3 Nc6 9. Nbxd4 Nxd4 10.
Nxd4 Bd7 {10...a6 is more combative, and is currently the more feared line by
White players.} 11. c3 Qc7 12. Qe2 Bd6 13. Nb5 {This line has a reputation of
being slightly better for White.} Bxb5 14. Bxb5+ Ke7 15. g3 a5 $146 {I don't
think that this move will change this assessment of +/=.} 16. Qf3 Qb6 17. a4
Rhd8 18. Rd1 Bc5 19. Bd2 Rd5 20. Be1 Rad8 21. Rxd5 Rxd5 22. b4 axb4 23. cxb4
Bd4 24. Rc1 h5 25. Bc3 g5 26. Bxd4 Qxd4 {1/2-1/2, Ye Jiangchuan-Hug,W Biel izt
(3) 1993. It certainly seems that White could keep playing with 27.Rc7+.}) 5...
Nc6 6. Bb5 $5 {All the rage these days.} Bd7 7. Nxc6 bxc6 (7... Bxc6 8. Bxc6+
bxc6 9. c4 Nf6 10. Qa4 Qd7 11. e5 Ng4 12. Nf3 Bc5 $146 (12... h5 13. O-O Rb8
14. a3 Be7 15. b4 Rb7 16. Bf4 Nh6 17. Bxh6 Rxh6 18. c5 $16 {Cejtlin-Vaganian,
12/215 -- Check your ECO!}) 13. O-O O-O 14. h3 $16 {Kengis,E-Votava,J Prague 
(2) 1993}) 8. Bd3 Qc7 9. Qe2 Bd6 10. Nf3 dxe4 11. Qxe4 Nf6 12. Qh4 Rb8 $146 (
12... Qa5+ 13. Bd2 Qh5 14. Qxh5 Nxh5 15. O-O-O $16 {Adorjan-Webb, London 1975})
13. O-O Nd5 14. Re1 Be7 15. Qg4 g6 16. c4 f5 $2 17. Bxf5 $1 Nf6 (17... exf5 18.
Qd4 $16) (17... gxf5 18. Qh5+ Kd8 19. cxd5 $18) 18. Qf4 Qxf4 19. Bxf4 Rxb2 20.
Bxe6 Bc5 21. Bxd7+ Kxd7 22. Ne5+ Kc8 23. Nd3 {1-0 Yudasin,L-Gulko,B Biel izt 
(11) 1993}) 5. g3 $5 {Adams is a marevellously talented player who maintains
his carousing lifestyle by a natrual ability to solve opening problems (with
White!) over the board. Hence the text, although 5.exd5 exd5 6.Be2 is still
doing well for White.} (5. exd5 {Wahls} exd5 6. b3 cxb3 7. Bb5+ $5 Bd7 (7...
Nc6 8. Ne5 bxc2 9. Qe2 Qe7 10. O-O Bd7 11. Bxc6 bxc6 12. Re1 Be6 13. Ndf3 Nf6
14. Ng5 Ne4 15. Nxe4 dxe4 16. Qxe4 Rc8 17. Nxc6 Qf6 18. d5 Bc5 19. Qxc2 Bd4 20.
Ba3 Bxa1 21. Qa4 Qc3 22. Re3 Qxc6 23. dxc6 Rc7 24. Bd6 {1-O Pukshansky,
M-Bodishko,corr 1980 !!!!}) 8. Qe2+ Qe7 9. Bxd7+ Nxd7 10. axb3 Ngf6 (10... Nh6
11. Ba3 (11. Ra5 Nb6 12. Nf1 Qxe2+ 13. Kxe2 Nf5 14. c4 f6 15. c5 Nc8 16. Ne3
Nxe3 17. fxe3 $13 {Beljavsky,A-Nikolic,Pr Belgrade 1991}) 11... Qxe2+ 12. Kxe2
Bxa3 13. Rxa3 a6 (13... O-O) 14. Ra5 Nf6 15. Ne5 O-O 16. Rc5 {Tompa,J-Nikolic,
Pr Yugoslavija 1991} (16. f3 $1 Nf5 17. Kd3 Nd6 18. c3 $14)) 11. Nf1 (11. Ne5
Qe6 12. O-O Bd6 13. f4 O-O 14. c4 (14. Bb2 $5) 14... Bb4 $10 {Beljavsky,
A-Nikolic,Pr,Novi Sad 1990}) 11... Qxe2+ 12. Kxe2 Bb4 13. Bd2 (13. Ba3 $6 Bc3
14. Ra2 Ne4 15. Ne3 Ndf6 16. Rf1 b5 17. Kd3 b4 18. Bb2 Bxb2 19. Rxb2 Nc3 $13)
13... Bxd2 14. N3xd2 Nf8 15. g3 Ne6 16. c3 O-O 17. Ne3 a6 18. Kd3 Rfd8 19. f4 {
Die weiße Zentrumsüberlegenheit,sowie die Bauernmobilität am Königsflügel und
der Schwachpunkt d5 sichern dem Weißen klaren Vorteil in Beljavski,A-Gulko,B
Reykjavik 1991}) (5. Qe2 $1 $16 {Kortschnoj}) (5. Qe2 {Ambroz} Be7 6. g3 Nc6 7.
c3 Nf6 8. Bg2 O-O 9. O-O b5 10. a4 b4 $15 {Bode-Knaak, Lugano 1989}) 5... Nf6 (
5... Nc6 {Adams,M}) 6. e5 (6. exd5 {Adams,M} exd5 7. Bg2 $10) 6... Nfd7 7. a4
$5 (7. Bg2 b5 8. a4 b4 9. Nxc4 dxc4 10. Ng5 Nb6 11. Bxa8 Nxa8 12. Qf3 Qd5 $1
$17 {Adams}) 7... Nc6 8. Bg2 Be7 (8... Nb6 {Kortschnoj} 9. O-O Bd7 10. a5 Nc8
11. b3 c3 12. Nb1 Nxa5 13. Nxc3 Be7 $14) 9. O-O Nb6 (9... g5 {Ambroz} 10. c3 h5
11. b3 cxb3 (11... g4 12. Ne1 cxb3 13. Nxb3 Na5 14. Nxa5 Qxa5 15. Bd2 Qc7 (
15... Nb6 16. c4 Bb4 17. Bxb4 Qxb4 18. cxd5 Nxd5 19. Nc2 Qc3 20. Ra3 Qb2 21.
Qd3 $16) 16. a5 $14) 12. Nxb3 Nb6 13. Nfd2 a5 14. Qe2 $14 {/\ c3-c4}) 10. Re1 (
10. b3 $5 {Ambroz}) 10... a5 $6 (10... Bd7 $142 {Adams}) (10... Bd7 {Kortschnoj
} 11. a5 (11. c3 {Adams,M} Na5 {/\ Bc6, Qd7}) 11... Nc8 12. b3 (12. a6 b5 {><a6
}) 12... cxb3 13. Nxb3 $14) (10... Na5 $5 {Ambroz} 11. Nf1 $1 {/\ Bd2, ><a5} (
11. b3 $143 Bd7 $1)) 11. b3 cxb3 12. c3 $1 $14 O-O (12... Nc4 {Ambroz} 13. Qxb3
Nxd2 14. Nxd2) 13. Qxb3 Bd7 14. Ba3 (14. Rb1 {Adams,M} Nc8 15. Qxb7 $6 Rb8 16.
Qa6 Rxb1 17. Nxb1 Nb6 $15) 14... Rb8 15. Rab1 Nc8 16. Bxe7 (16. Bf1 $5 {Adams,M
}) 16... N8xe7 17. Rb2 Na7 (17... b5 $2 {Adams,M} 18. axb5 Na7 19. b6 $16) 18.
Qa3 Bc6 (18... b5 {Ambroz} 19. Reb1 Bc6 20. Bf1) 19. Reb1 Qc7 20. Bf1 (20. Qc5
{Adams,M} Nac8 {/\ b6}) (20. c4 {Adams,M} dxc4 21. Nxc4 (21. Qc5 b6 22. Rxb6
Rxb6 23. Rxb6 c3) 21... Be4 $1 22. Rc1 b5) 20... Rfd8 21. Nb3 $2 (21. Bd3) (21.
h4) (21. Bd3 $5 {Ambroz} Ng6 22. h4 Qe7 $5 (22... Qd7 23. Nb3 $1) 23. Qa2 $14)
(21. h4 {Adams,M}) (21. Bd3 {Adams,M}) 21... b6 22. Nbd2 (22. Nxa5 bxa5 23.
Rxb8 Rxb8 24. Rxb8+ Qxb8 25. Qxe7 Bxa4 26. Ng5 (26. Qa3 {Adams,M} Bd1) 26...
Be8 27. Bd3 g6 $17 {Adams}) 22... h6 23. h4 Ng6 (23... Be8 $142 {Adams,M}) 24.
Bd3 Nf8 25. Nf1 Be8 (25... Qd7 {Ambroz} 26. Rxb6 Rxb6 27. Rxb6 Bxa4 $2 28. Rd6)
26. Ne3 Qc6 27. Ra2 Rdc8 28. Rb3 Qc7 (28... b5 {Ambroz} 29. Qb2 $1 b4 30. cxb4
(30. c4 dxc4 31. Nxc4 Qc7 32. Ra1 $14) 30... Qc1+ 31. Kg2 axb4 32. Rxb4 Rxb4
33. Qxb4 $16) 29. Qb2 Rd8 (29... Nc6 $5 {Ambroz}) 30. Ng4 Nc8 31. Qd2 Ne7 32.
Nxh6+ $1 (32. h5 {Adams,M} Nf5) (32. Nf6+ {Adams,M} Kh8 (32... gxf6 33. exf6
$18) 33. Nxe8 Rxe8 $14) 32... gxh6 33. Qxh6 Nf5 34. Qg5+ (34. Bxf5 {Ambroz}
exf5 35. Qg5+ Kh8 36. Qxf5 $13) 34... Kh8 35. g4 (35. Qf6+ {Ambroz} Kg8 (35...
Ng7 $2 36. h5 $1 Nh7 37. Bxh7 Kxh7 38. h6 $18)) 35... f6 $1 (35... Ng7 {Ambroz}
36. Qh6+ Kg8 37. Ng5 $18 {/\ Nh7}) (35... Nh7 {Ambroz} 36. Qf4 $16) 36. exf6 (
36. Qxf6+ {Ambroz} Qg7 37. Bxf5 Qxf6 38. exf6 exf5 39. g5 $13) 36... Nh7 37.
Qd2 Bh5 $1 (37... Nxf6 {Ambroz} 38. gxf5 Qg7+ 39. Qg5 $16) (37... Nd6 $143 {
Ambroz} 38. Qh6 $1) 38. gxh5 Rg8+ 39. Kf1 (39. Kh1 {Ambroz} Qf7 $1 40. Qf4 Qxh5
$44) 39... Rbf8 (39... Nxf6 {Ambroz} 40. Bxf5 exf5 41. Qh6+ Nh7 42. Ne5 $18)
40. Ne5 Rxf6 41. Ng6+ Rgxg6 (41... Kg7 $142 {Adams}) (41... Kg7 {Ambroz} 42.
Rab2 $1 $18 (42. Ke2 $16 {Adams,M}) 42... Ng3+ 43. Ke1 Nxh5 44. Rxb6) 42. hxg6
Qh2 43. Bxf5 Rxf5 44. c4 $2 (44. Qh6 $1 $18 {Kortschnoj} Qh1+ 45. Ke2 Qf3+ (
45... Qe4+ 46. Qe3 Qg4+ 47. f3) 46. Kd2 Qxf2+ 47. Kc1 Qe1+ (47... Qf1+ {
Kortschnoj} 48. Kb2 Rf2+ 49. Ka3 $18) 48. Kb2 Rf2+ 49. Ka3) (44. gxh7 {Ambroz}
Qh1+ 45. Ke2 Qf3+ 46. Ke1 Qh1+ $10) (44. Qe3 {Ambroz} Nf6 45. Qxe6 (45. Qh6+
Kg8) 45... Qh1+ 46. Ke2 Qf3+ 47. Ke1 Qh1+ (47... Ne4 $142 $5 48. Qe8+ $140 Kg7
49. Qd7+ Kxg6 50. Rxb6+ Kh5 51. Qh7+ Kg4 52. Rg6+ Kh3 53. Rg1 Qxc3+ $19) 48.
Ke2 Qf3+ $10) 44... Qh1+ 45. Ke2 Qxh4 46. Rg3 (46. Qe3 {Adams,M} Nf6 $40) 46...
Ng5 (46... Nf6 {Kortschnoj} 47. Qe3 Ne4 48. Rf3 (48. Rh3 {Ambroz}) 48... Qh5
$13) 47. Qe3 Qh5+ (47... Kg7 $142 $44 {Adams}) (47... Kg7 $142 {Adams,M} 48.
Rxg5 $10) 48. Kf1 Kg7 (48... dxc4 {Ambroz} 49. Kg2 $16) 49. cxd5 (49. Kg2 {
Ambroz} Ne4) 49... Nf3 50. Rxf3 Rxf3 51. Qe5+ (51. Qxe6 {Kortschnoj} Rf5 (51...
Qh1+ {Ambroz} 52. Ke2 Rf6) 52. Qe7+ Kxg6 53. Qe8+ $16) 51... Qxe5 52. dxe5 exd5
53. Rb2 Rf5 $2 54. Rxb6 Rxe5 55. Rb5 Kxg6 56. Rxa5 Re4 (56... Kf7 {Adams,M} 57.
Ra8 Ke7 58. a5 Kd6 59. a6 Kc7 60. Rd8 Kb6 61. Rd6+ Ka7 62. f3 $18) 57. f3 Rb4 (
57... Re3 {Adams,M} 58. Kf2 d4 59. Ra8 (59. Rd5 Rd3 60. Ke2 Re3+ 61. Kd2 Rxf3
62. Rxd4 Kf5) 59... Ra3 60. a5 d3 61. a6 d2 62. Ke2 Rxf3 63. a7 $18) 58. Ra8
Kf5 59. a5 Rb7 (59... Ke5 {Ambroz} 60. a6 Kd4 61. a7 Ra4 62. f4) 60. Ke2 Kf4
61. a6 Rf7 62. Rb8 $18 Re7+ 63. Kf2 Ke5 64. Rb4 1-0

[Event "Candidates sf Kasparov-Kortschnoj+4-1=6"]
[Site "London"]
[Date "1983.12.14"]
[Round "10"]
[White "Kortschnoj, Viktor Lvovich"]
[Black "Kasparov, Garry"]
[Result "1/2-1/2"]
[WhiteElo "2600"]
[BlackElo "2690"]
[Annotator "ChessBase"]
[PlyCount "83"]
[EventDate "1983.11.21"]
[EventType "match"]
[EventRounds "12"]
[EventCountry "ENG"]
[SourceTitle "Candidates"]
[Source "ChessBase"]
[SourceDate "1999.07.01"]
[SourceVersion "2"]
[SourceVersionDate "1999.07.01"]
[SourceQuality "1"]

1. d4 d5 2. c4 e6 3. Nf3 Nf6 4. Bg5 Be7 5. Nc3 h6 6. Bh4 O-O 7. e3 b6 8. Qb3
Bb7 9. Bxf6 Bxf6 10. cxd5 exd5 11. Rd1 Re8 12. a3 $5 {<-> d} (12. Bd3 c6 {
/\ Nd7-f8-e6} (12... Nc6 $5 13. O-O (13. Qxd5 Bxd4 $10) 13... Na5 14. Qc2 c5) (
12... c5 $5 13. dxc5 Nd7 {Kasparov-Beliavsky/Tbilisi URS-ch46/1-0/42/})) 12...
c6 13. Bd3 Nd7 14. O-O g6 15. Rfe1 (15. e4 c5 $1 16. exd5 cxd4 17. Ne4 Nc5 $1
18. Nxc5 Bxd5) 15... Nf8 16. Bb1 (16. e4 Ne6 17. e5 Bg7) 16... Ne6 17. Ba2 $1
Qc7 $1 {/\ 18... Rd8 (>< d5)} 18. Qa4 {/\ 19.e4 Rad8 20.ed cd 21.Bd5} Rad8 19.
b4 (19. e4 Qb8) 19... Qb8 20. Qc2 {/\ 21.b5} Qc7 $1 21. Bb3 Bg7 $6 (21... c5 $1
22. dxc5 bxc5 23. Nxd5 Bxd5 24. Bxd5 cxb4) 22. Qa2 $1 {/\ e4, b5  >< d5} a6 (
22... c5 $2 23. Nxd5 Bxd5 24. Bxd5 cxd4 25. exd4 Nxd4 $1 26. Rxe8+ $1 Rxe8 27.
Nxd4 Bxd4 28. Qb1 Qf4 29. Qxg6+ Kf8 30. Qc2 {+/-/+-}) 23. Rc1 Qb8 24. Na4 {
>< b6, /\ Nb2-d3} Qa7 $1 25. Nc3 (25. Nb2 c5 $1) 25... Qb8 26. Rb1 {/\ a4, b5}
Qd6 27. Rbd1 $6 (27. Na4 c5 $1 28. dxc5 bxc5 29. bxc5 Nxc5 30. Nxc5 Qxc5 31.
Ba4 Re7) (27. Red1 $1) 27... a5 $1 28. bxa5 (28. b5 c5 $1 29. dxc5 Qxc5 30.
Nxd5 a4 31. Bc4 Rc8 32. Bf1 Nc7 33. Nxc7 Rxc7 $44) 28... bxa5 {/\ Ba6, Rb8,
Reb8; Bf8} 29. e4 a4 {?!?} (29... dxe4 {>=} 30. Nxe4 (30. Rxe4 $6 c5 $1 31.
Bxe6 (31. d5 Bxc3 (31... Nd4 $1 $15) 32. dxe6 Qxd1+ 33. Re1 $1 (33. Bxd1 Rxd1+
34. Re1 Rxe1+ $1 35. Nxe1 Rxe6 $15) 33... Bxf3 $1 34. exf7+ Kg7 35. fxe8=Q Rxe8
36. Rxd1 Bxd1 37. f3 $1 (37. h3 $2 Re1+ 38. Kh2 Be5+ 39. g3 Bf3 $19) 37... Re1+
38. Kf2 Re2+ $10) 31... Bxe4 (31... fxe6 32. dxc5 Qxd1+ 33. Nxd1 Rxd1+ 34. Re1
Bxf3 35. Rxd1 Bxd1 36. Qd2 $1 Ba4 37. Qxa5 Rb8) (31... Rxe6 {>=} 32. Rxe6 fxe6
33. Re1 Kh7 34. Rxe6 Qf4) 32. Bxf7+ Kh7 33. Bxe8 Bxf3 34. gxf3 Rxe8 35. Ne4 Qf8
$1 (35... Qf4 $2 36. Qe2) 36. Kg2 cxd4 37. Rb1 $13) 30... Qf4 31. d5 $1 (31.
Re3 $6 c5 $1 (31... Nxd4 $2 32. Nxd4 Bxd4 33. g3 $1 Qf5 34. Rxd4 Rxd4 35. Bxf7+
$1 Qxf7 36. Nf6+ Kf8 37. Rxe8+ Kg7 38. Qe2 $1) 32. g3 Qf5 $15) (31. Nc5 Nxc5
32. dxc5 Rxe1+ 33. Rxe1 Bc8 {^^ +/=/+/-}) 31... cxd5 32. Bxd5 Bxd5 33. Rxd5 Nd4
$5 34. Nxd4 Bxd4 35. Rxd4 Rxd4 36. Nf6+ $10) 30. Bxa4 $1 (30. Nxa4 $2 dxe4 31.
Rxe4 c5 $1 32. d5 (32. Bxe6 fxe6) 32... Nd4) 30... dxe4 31. Nxe4 (31. Rxe4 $2
Nxd4 32. Nxd4 Bxd4) 31... Qf4 32. d5 $1 Nd4 $5 (32... Rxd5 33. Rxd5 cxd5 34.
Nf6+ $1 (34. Bxe8 dxe4 35. Nd2 Bc3 $1 36. Re3 Bd4 $17) 34... Bxf6 35. Bxe8 Bc3
36. Re3 d4 37. Bxf7+ $1 Kg7 (37... Qxf7 38. Rxe6 Be4 39. Ne5) 38. Qxe6 dxe3 39.
Qxg6+ Kf8 40. Qg8+ Ke7 41. Qe8+ Kf6 42. fxe3 $18) 33. Nxd4 Rxe4 34. Bxc6 $2 (
34. dxc6 $2 Rxe1+ 35. Rxe1 Qxd4 36. cxb7 Qxa4 $19) (34. Nxc6 $1 Bxc6 35. Bxc6
Rb8 {+/-/+-}) 34... Bxd4 35. Bxb7 Rb8 (35... Rxe1+ $6 36. Rxe1 Rb8 37. g3 $1
Qf3 38. Qd2 $1 Bc5 39. Bc6 Bxa3 40. Qxh6) 36. Rxe4 (36. g3 $2 Qf3 $1 $19) 36...
Qxe4 37. Qb1 (37. Qb3 Qe2 38. Rf1 Qe7 $1 39. Qd3 (39. Rb1 Qe2 40. Qf3 $2 Rxb7
$1) 39... Bc5 40. Bc6 Rb2 41. Qf3 (41. a4 Rxf2 $1) 41... Bxa3 $44) 37... Qf4
38. d6 (38. Qc2 Be5 $1 (38... Rxb7 $2 39. Qc8+ $18) (38... Kg7 $2 39. Rb1 {
+/-/+-}) 39. g3 Qf3 40. Rd3 (40. Bc6 Rb2 41. d6 Qxa3 $1 42. Qe4 Qc5 $10) (40.
Re1 Qxa3 $1 41. Bc6 Qd6 {+/=/= vgl. Kortschnoj-Karpov(15)/WM Meran/1981/1/2/40/
}) 40... Qe4 41. Ba6 (41. Bc6 Qe1+ 42. Kg2 Rb1 $40) 41... Rb2 (41... Qe1+ 42.
Kg2 Rb1 43. Re3 $1) 42. Qd1 (42. Qc8+ $6 Kg7 43. Re3 Qb1+ 44. Kg2 (44. Bf1 Bd4
45. Rf3 Qe1) 44... Bd4 45. Re2 Rxe2 46. Bxe2 Qe1) 42... Re2 $1 43. f3 $1 (43.
Kf1 $2 Bd4 $3 (43... Ra2 44. Qf3 Ra1+ 45. Kg2 Qe1 46. Re3 $16) 44. Rxd4 (44.
Re3 Rxf2+ 45. Kxf2 Bxe3+ 46. Kf1 Bc5 {=/+/-/+ >< K}) 44... Qf3 45. Qxe2 $2 (45.
Rf4 Rxf2+ 46. Ke1 Qh1+ 47. Kxf2 Qxd1 $17) 45... Qh1#) 43... Bd4+ $1 (43... Re1+
$2 44. Kg2 Re2+ 45. Kf1) 44. Kh1 Re1+ 45. Kg2 Re2+ 46. Kh3 Qf5+ 47. g4 Qe5 48.
f4 Re3+ (48... Qe4 $6 49. Rg3 Rf2 50. d6 $1) 49. Rxe3 Qxe3+ 50. Kg2 Qf2+ 51.
Kh1 Qxf4 $10) 38... Qxd6 $1 39. g3 Rxb7 $1 (39... Qc5 40. Qe4 (40. Rd2 $2 Rxb7
$1) (40. Rf1 $2 Qa7) 40... Bxf2+ 41. Kg2 $16) (39... Qd7 $2 40. Kg2 Rxb7 41.
Rxd4) 40. Qxb7 Bxf2+ 41. Kxf2 Qxd1 42. Qa8+ 1/2-1/2

[Event "Biel GM"]
[Site "Biel"]
[Date "2001.08.02"]
[Round "9"]
[White "Lautier, Joel"]
[Black "Kortschnoj, Viktor Lvovich"]
[Result "1-0"]
[WhiteElo "2675"]
[BlackElo "2617"]
[Annotator "Lautier,J"]
[PlyCount "85"]
[EventDate "2001.07.23"]
[EventType "tourn"]
[EventRounds "10"]
[EventCountry "SUI"]
[EventCategory "16"]
[SourceTitle "CBM 085"]
[Source "ChessBase"]
[SourceDate "2001.11.13"]
[SourceVersion "1"]
[SourceVersionDate "2001.11.13"]
[SourceQuality "1"]

1. d4 Nf6 2. c4 e6 3. Nc3 Bb4 4. Nf3 c5 5. g3 cxd4 6. Nxd4 Ne4 7. Qd3 Nc5 $6 8.
Qe3 d5 9. Bg2 (9. Nc2 $5 Bxc3+ 10. Qxc3 O-O 11. Bg2 Ne4 (11... dxc4 12. Qxc4
$14) 12. Qd3 $14) 9... dxc4 10. O-O (10. Nc2 $5 Nca6 $1 (10... Qa5 11. Bd2 $16)
(10... Bxc3+ 11. Qxc3 $14) 11. O-O Nc6 12. Qe4 O-O 13. Qxc4 Na5 14. Qe4 Bxc3
15. bxc3 Qc7 16. Ba3 Re8 $14) 10... Ncd7 (10... O-O 11. Nc2 Bxc3 (11... Qa5 12.
Bd2 Bxc3 (12... Na4 13. Nxb4 Qxb4 14. Nd5 $16) 13. Bxc3 Qc7 14. Be5 Qb6 15. Na3
$16) 12. Qxc3 (12. Qxc5 Bf6 13. Qxc4 $14) (12. bxc3 $5) 12... Nc6 13. Qxc4 $16)
(10... Nca6 $142 11. Rd1 (11. Nc2 {->> 10.Nc2 Nca6 11.0-0}) 11... Qa5 12. Ndb5
O-O 13. Qe4 $14) 11. Nd5 (11. Nc2 Bc5 12. Qe4 O-O (12... Nb6 13. Qe5) 13. Qxc4
Qc7 $14) 11... Bc5 12. Nxe6 $1 fxe6 (12... Bxe3 $2 13. Ndc7+ Ke7 14. Nxd8 Kxd8
(14... Bxc1 15. Raxc1 $18) 15. Nxa8 $18) 13. Qxe6+ Be7 (13... Kf8 14. Be3 Na6 (
14... Nc6 15. Qf5+ Ke8 (15... Kg8 16. Ne7+ $1 Nxe7 17. Bd5+ Nxd5 18. Qxd5+ Kf8
19. Bxc5+ $18) 16. Qf4 $16) 15. Rad1 Qe8 16. Bxc5+ Ndxc5 17. Qd6+ Kf7 18. Rd4 (
18. Qf4+ Kg8 19. Qxc4 Be6 20. b4 $36) 18... Ne6 19. Rxc4 $40) 14. Bf3 $1 (14.
Rd1 Nc6 15. Bf4 Nde5) 14... Nf8 $2 (14... Rf8 15. Bf4 (15. Bg5 $5 Nc6 16. Nxe7
Nxe7 17. Rad1) 15... Nf6 (15... Nb6 $2 16. Bh5+ g6 17. Bxg6+ hxg6 18. Qxg6+ Rf7
19. Nc7+ $18) 16. Nxf6+ Rxf6 17. Qg8+ Rf8 18. Qxg7 $16) (14... Nf6 $1 15. Nxf6+
Kf8 $1 16. Qxc4 Bxf6 17. Bf4 $40) 15. Qe5 $1 (15. Bh5+ Ng6 16. Bxg6+ hxg6 17.
Qxg6+ Kf8 $132) 15... Ne6 (15... Ng6 $2 16. Qxg7 Rf8 (16... Nc6 17. Bf4 $18)
17. Qxh7 Qd6 18. Bh5 Qxd5 19. Bxg6+ Kd8 20. Bh6 $18) 16. Bh5+ Kf8 17. Bh6 $1
Kg8 $8 (17... Nc6 $2 18. Qf5+ $18) 18. Bg4 $1 (18. Bxg7 $4 Nc6 $1 19. Qf5 (19.
Nf6+ Kxg7 20. Ne8+ Kg8 $19) 19... Kxg7 20. Qf7+ Kh6 21. Ne3 Ng5 $19) 18... gxh6
19. Bxe6+ Bxe6 20. Qxe6+ Kf8 21. Rac1 (21. Rad1 Nc6 22. Qxh6+ Kf7 23. Qf4+ Bf6
24. Nxf6 Qxf6 25. Rd7+ Ne7 26. Qxc4+ Qe6 $16) (21. Qe5 Kf7 22. Nc7 (22. Nxe7
Re8 23. Qf5+ Kxe7 24. Qxh7+ Kf8 25. Qxb7 Nd7 26. Rad1 Re7 27. Qc6 $16) 22...
Qc8 (22... Nc6 23. Qh5+ Kg8 24. Qg4+ Kf7 25. Qxc4+ Kg6 26. Qe4+ Kf7 27. Qe6+
Kg7 28. Qg4+ Kf7 29. Qh5+ Kg8 30. Nxa8 Qxa8 31. Qxh6 $18) 23. Nxa8 Nc6 24. Qh5+
Kg7 25. Rac1 $16) 21... Nc6 22. Qxh6+ $2 (22. Rxc4 $1 Kg7 (22... Bg5 23. h4 $18
) (22... Qd6 23. Rf4+ Ke8 24. Rd1 $3 Nd8 (24... Qxe6 25. Nc7#) 25. Qxh6 $18 (
25. Nf6+ Kf8 26. Qxd6 $18)) 23. Nxe7 Nxe7 (23... Qxe7 24. Rxc6 $18) 24. Qe5+
Kg8 25. Rd4 Qe8 (25... Qf8 26. Rf4 $18) 26. Re4 $18) 22... Kf7 (22... Kg8 23.
Qe6+ Kg7 24. Rxc4 $40) 23. Qh5+ (23. Rfd1 $1 $16 Qd6 24. Qh5+ Kg7 (24... Qg6
25. Qf3+ Kg7 26. Rxc4 $18) 25. Nxe7 Qxe7 26. Qg4+ Kf8 27. Rxc4 $18) 23... Kg7
24. Qg4+ Bg5 25. Nf4 Ne5 $2 $138 (25... h5 $142 26. Ne6+ Kh6 27. Qxc4 Qg8 28.
f4 Bf6 29. f5 $36) 26. Ne6+ $2 $138 (26. Qxg5+ Qxg5 27. Ne6+ Kf6 28. Nxg5 Kxg5
29. f4+ Kg6 30. fxe5 $18) 26... Kf6 27. Qh3 Qd7 28. Nxg5 Kxg5 29. Qh4+ (29. f4+
Kg6 30. f5+ Kg7 31. f6+ (31. Qh4 Rhd8) 31... Kg6) 29... Kg6 30. Rfd1 Qc6 $6 (
30... Qc7 31. Rd5 Rae8 32. f4 Qb6+ 33. Kh1 $36) (30... Qe6 31. Qe4+ Kf6 32.
Qxb7 $14) 31. Qe7 $1 Nf7 $8 32. Rd4 Qf6 33. Qe4+ $6 (33. Rg4+ $142 Ng5 34. Qxb7
h5 35. Rgxc4 $16) 33... Kg7 34. Rcxc4 Rhd8 $1 35. Rxd8 Rxd8 36. Qxb7 Qe6 (36...
Rd2 37. Rg4+ Kf8 38. Rf4 Qe7 39. Qc8+ Rd8 40. Qc3 $36) 37. Rc7 Qxa2 38. b3 Qb1+
(38... Rf8 $5) 39. Kg2 Qf5 $6 (39... Qg6 $142) 40. e4 Qg6 41. Re7 a6 42. Qc7 (
42. e5 $2 Kf8 43. e6 Ng5 $1 (43... Nd6 44. Qc7 Re8 $13) 44. Rd7 Nxe6 $17) 42...
Rd1 $4 (42... Rd3 43. Qc4) (42... Rd4 $1 43. Qc3 Qf6 $11 44. Re8 Ng5 $132 45.
e5 $2 Qf5 $19) 43. Qe5+ (43. Qe5+ Kh6 (43... Qf6 44. Rxf7+ Kxf7 45. Qh5+ $18)
44. Qf4+ Kg7 (44... Ng5 45. h4 $18) 45. Rxf7+ Qxf7 46. Qg4+ Qg6 47. Qxd1 Qxe4+
48. Qf3 $18) 1-0